Diagnòstic inicial : definició i implantació d'un Sistema de Gestió de la Qualitat segons la Norma UNE-EN-ISO 9001: 2000 definició i implantació d'un Sistema de Gestió de la Qualitat segons la Norma UNE-EN-ISO 9001:
Descripción Física:
25 p. : quadres, il. col. ; 30 x 22 cm
Materias:
Control de qualitat -- Normes
MARC
| LEADER | 00000nam a2200000Ia 4500 | ||
|---|---|---|---|
| 001 | 22352 | ||
| 008 | 160829s2003 xx 000 0 cat d | ||
| 080 | |a FU-55-1 | ||
| 245 | |a Diagnòstic inicial : |b definició i implantació d'un Sistema de Gestió de la Qualitat segons la Norma UNE-EN-ISO 9001: |b 2000 | ||
| 260 | |a Barcelona : |b Diputació de Barcelona, Socintec Corporación IBV, |c 2003 | ||
| 300 | |a 25 p. : |b quadres, il. col. ; |c 30 x 22 cm | ||
| 590 | |a Enquadernat en espiral | ||
| 650 | |a Control de qualitat |x Normes |9 42200 | ||
| 710 | 1 | |a Barcelona (Catalunya : Província). |b Diputació |9 52408 | |
| 901 | |a Arxiu | ||
| 942 | |n 1 | ||
| 952 | |0 0 |1 0 |4 0 |6 FU551 |7 1 |9 50705 |a Arxiu |b Arxiu |d 2016-12-01 |l 0 |o FU-55-1 |p 22352 |r 2016-12-01 00:00:00 |w 2016-12-01 |y ARXIU | ||
| 999 | |c 54547 |d 54547 | ||